Statistics for Population - True Or False

Click here to take the quiz!

General Stats

  • This quiz has been taken 25 times
    (16 since last reset)
  • The average score is 9 of 15

Answer Stats

QuestionAnswer% Correct
In Asia, Palau has the highest population densityFalse
91%
China currently as of 2022 has more people then IndiaTrue
82%
Australia has the least population density in OceaniaTrue
82%
Netherlands has a higher density then BurundiTrue
82%
Burundi has more people then RwandaFalse
73%
Nauru has the highest population density in OceaniaFalse
73%
Japan is decreasing in populationTrue
64%
Uganda has more people then ArgentinaTrue
64%
No countries in the world shares more than 19.9% of the world populationTrue
64%
Tuvalu has a population range of atleast under 10,000 to PalauTrue
55%
As of growth rate as of a percentage yearly, Somalia is growing faster than ChadFalse
45%
Greenland has more people then MonacoTrue
45%
Nepal has a higher population density then North KoreaFalse
36%
To share atleast 1% of the world population, the country need atleast 69,000,000 peopleFalse
36%
Australia shares less than 0.30% of the world populationFalse
27%

Score Distribution

Percentile by Number Answered

Percent of People with Each Score

Your Score History

You have not taken this quiz since the last reset